Edafología aplicada: suelos, producción agraria, planificación territorial e impactos ambientales
Guardat en:
| Autor principal: | |
|---|---|
| Format: | Llibre |
| Idioma: | espanyol |
| Publicat: |
Madrid
Cátedra
1993
|
| Col·lecció: | Geografía Menor
|
| Matèries: | |
| Etiquetes: |
Afegir etiqueta
Sense etiquetes, Sigues el primer a etiquetar aquest registre!
|
MARC
| LEADER | 00000nam a2200000 a 4500 | ||
|---|---|---|---|
| 001 | UCX7747 | ||
| 003 | CL-VaPUC | ||
| 008 | 931228e19930000SP |||||||||||||||||spa|d | ||
| 082 | 0 | 4 | |a 631.4 |b COB |2 21 |
| 100 | 0 | |a Cobertera Laguna, Eugenio |e author |9 324675 | |
| 245 | 1 | 0 | |a Edafología aplicada: suelos, producción agraria, planificación territorial e impactos ambientales |
| 300 | |a 326 p | ||
| 942 | |c BK | ||
| 945 | |d 19931228 00:00:00 |a mfernand | ||
| 260 | |a Madrid |b Cátedra |c 1993 | ||
| 650 | 7 | |a EDAFOLOGIA |2 CL-VaPUC |9 324676 | |
| 583 | |a last modification |c 19931228 00:00:00 |k Rodrigo Vera | ||
| 490 | 0 | |a Geografía Menor | |
| 999 | |c 227485 |d 227483 | ||
| 952 | |0 0 |1 0 |4 0 |6 631_400000000000000_COB_1993 |7 0 |8 A |9 226553 |a BIBING |b BIBING |d 2019-11-15 |i 2956713 |l 1 |m 1 |o 631.4 COB 1993 |p 2956713 |r 2025-01-20 |s 2024-04-30 |w 2019-11-15 |y BK |k GEO | ||